Charles Lyell, the years to 1841: the revolution in geology
Αποθηκεύτηκε σε:
| Κύριος συγγραφέας: | |
|---|---|
| Μορφή: | Βιβλίο |
| Γλώσσα: | Undetermined |
| Έκδοση: |
New Haven
Yale University Press
1972
|
| Θέματα: | |
| Ετικέτες: |
Προσθήκη ετικέτας
Δεν υπάρχουν, Καταχωρήστε ετικέτα πρώτοι!
|
| Thư viện lưu trữ: | Trung tâm Học liệu Trường Đại học Cần Thơ |
|---|
| LEADER | 00593nam a2200205Ia 4500 | ||
|---|---|---|---|
| 001 | CTU_170458 | ||
| 008 | 210402s9999 xx 000 0 und d | ||
| 020 | |c 17.50 | ||
| 082 | |a 550.92 | ||
| 082 | |b W749 | ||
| 100 | |a Wilson, Leonard G. | ||
| 245 | 0 | |a Charles Lyell, the years to 1841: | |
| 245 | 4 | |b the revolution in geology | |
| 245 | 0 | |c Leonard G. Wilson | |
| 260 | |a New Haven | ||
| 260 | |b Yale University Press | ||
| 260 | |c 1972 | ||
| 650 | |a Lyell, Charles,Nhà Thiên văn học Charles Lyell | ||
| 910 | |a Nguyên | ||
| 980 | |a Trung tâm Học liệu Trường Đại học Cần Thơ | ||